000 00355nam a2200145Ia 4500
008 090122s9999 xx 000 0 und d
082 _b3635
_a920.71
100 _aमाने
_bलक्ष्मण
245 _aउपरा
600 _aमाने
630 _aउपरा
700 _aमाने
730 _aउपरा
942 _cBOOK
999 _c27713
_d27713